Perancangan dan penilaian : projek pembangunan

Bibliographic Details
Main Author: Ahmad Mahdzan Ayob (Author)
Format: Book
Language:Malay
Published: Tanjong Malim, Perak : Universiti Pendidikan Sultan Idris 2005
Subjects:

MARC

LEADER 00000cam a2200000 7i4500
001 0000016968
005 20241028.0
008 060829 my a may
020 |a 9832620473 
040 |a INS   |b eng   |e rda 
090 0 0 |a HD85.M3   |b .A46 2005 
100 0 |a Ahmad Mahdzan Ayob ,   |e author 
245 1 0 |a Perancangan dan penilaian :   |b projek pembangunan   |c Ahmad Mahdzan Ayob 
264 1 |a Tanjong Malim, Perak :   |b Universiti Pendidikan Sultan Idris   |c 2005 
264 4 |c ©2005 
300 |a xii, 203 pages :   |b illustrations ;   |c 23 cm. 
336 |a text  |2 rdacontent 
337 |a unmediated  |2 rdamedia 
338 |a volume  |2 rdacarrier 
504 |a Includes bibliographical references and index 
650 0 |a Economic development projects   |x Evaluation   |z Malaysia 
650 0 |a Economic development projects   |x Planning 
650 0 |a Economic development   |x Planning 
999 |a 0000016955   |b BOOK   |c Open Shelf   |e Default branch 
999 |a 0000016956   |b BOOK   |c Open Shelf   |e Default branch 
999 |a 0000016957   |b BOOK   |c Open Shelf   |e Default branch 
999 |a 0000016958   |b BOOK   |c Open Shelf   |e Default branch 
999 |a 0000016959   |b BOOK   |c Open Shelf   |e Default branch 
999 |a 0000019769   |b BOOK   |c Open Shelf   |e Default branch 
999 |a 0000024518   |b BOOK   |c Open Shelf   |e Default branch 
999 |a 1000000497   |b BOOK   |c Open Shelf   |e Default branch 
999 |a 1000001481   |b BOOK   |c Open Shelf   |e Default branch